| 000 | 00595nam a2200181Ia 4500 | ||
|---|---|---|---|
| 999 |
_c3686 _d3686 |
||
| 003 | OSt | ||
| 005 | 20200930111422.0 | ||
| 008 | 190216s9999||||xx |||||||||||||| ||und|| | ||
| 020 | _a9788126537051 | ||
| 040 | _coclc | ||
| 082 |
_a572.51 _bKAI/B |
||
| 100 |
_a Kaim, Wolfgang _95033 |
||
| 245 | 0 |
_aBioinorganic Chemistry: Inorganic Elements In The Chemistry Of Life An Introduction And Guide / _cWolfgang Kaim ; Brigitte Schwedersk |
|
| 260 |
_bWiley India, _c2012. _aNew Delhi: |
||
| 300 | _a401p | ||
| 650 | _aChemistry | ||
| 942 |
_cBK _2ddc _h572.51 _iKAI/B _k572.51 _mKAI/B |
||